| 000 | 01188cas a22002054i 4500 | ||
|---|---|---|---|
| 999 |
_c54606 _d54606 |
||
| 001 | 768714001 | ||
| 003 | CO-MdFUSB | ||
| 005 | 20180901101751.0 | ||
| 008 | 180901s1991 xxu||||| |||| 00| 0 eng d | ||
| 040 |
_aCO-MdFUSB _bspa _cCO-MdFUSB _dCO-MdFUSB |
||
| 041 | _aeng | ||
| 100 | 1 |
_aSantibáñez Castañón, Julia _eautor |
|
| 245 | 1 | 0 |
_aMore youth than ministries : _b roughly 50% of mexicans are under age 20. Will their future include Jesus? |
| 300 |
_aVolumen. 71, Número 4 (1991), páginas 6-7 _c: 28 cm |
||
| 520 | _ael artículo trata de los problemas de la cuidad de México con los jóvenes que estaban dejando el colegio por diferentes circunstancias. algunas de ellas por motivos de drogadicción, otras por embarazo o por cuestiones de una economía inestable en sus familias, lo cual, les obliga a trabajar.Frente a todo esto, la iglesia tiene una función de ayudar y tratar de responder a esta problemática de los jóvenes y adolescentes que no están estudiando. | ||
| 546 | _aTexto en inglés | ||
| 650 | 0 |
_91177 _aIglesia y problemas sociales |
|
| 773 | 0 |
_tLatin America Evangelist _049466 _960814 _gVolumen. 71, Número 4 (1991), páginas 6-7 _qPágina 6 |
|
| 942 | _cANA | ||